| 000 | 00412nam a2200157Ia 4500 | ||
|---|---|---|---|
| 008 | 190328s9999||||xx |||||||||||||| ||und|| | ||
| 020 | _a9788180545481 | ||
| 082 |
_a610.6 _bGUP/B |
||
| 100 | _aGupta, C. B. | ||
| 245 | 0 | _aBusiness Organisation and Management | |
| 250 | _a16th | ||
| 260 |
_aNew Delhi _bSultan Chand & Sons _c2017 |
||
| 300 | _a39.10+A/15 | ||
| 650 | _aManagement/Accounts/OR/AU/OB | ||
| 942 | _cBK | ||
| 999 |
_c5334 _d5334 |
||